BGMEA University of Fashion and Technology
University Library

Brand leadership / (Record no. 1970)

MARC details
000 -LEADER
fixed length control field 00777cam a22002534a 4500
003 - CONTROL NUMBER IDENTIFIER
control field BD-DhBUF
005 - DATE AND TIME OF LATEST TRANSACTION
control field 20240418101721.0
008 - FIXED-LENGTH DATA ELEMENTS--GENERAL INFORMATION
fixed length control field 991214s2000 nyua b 001 0 eng
010 ## - LIBRARY OF CONGRESS CONTROL NUMBER
LC control number 99089668
020 ## - INTERNATIONAL STANDARD BOOK NUMBER
International Standard Book Number 0684839245
040 ## - CATALOGING SOURCE
Original cataloging agency DLC
Transcribing agency DLC
Modifying agency DLC
042 ## - AUTHENTICATION CODE
Authentication code pcc
043 ## - GEOGRAPHIC AREA CODE
Geographic area code n-us---
050 00 - LIBRARY OF CONGRESS CALL NUMBER
Classification number HD69.B7
Item number A215 2000
082 00 - DEWEY DECIMAL CLASSIFICATION NUMBER
Classification number 658.8/27
Edition number 21
100 1# - MAIN ENTRY--PERSONAL NAME
Personal name Aaker, David A.
9 (RLIN) 3224
245 10 - TITLE STATEMENT
Title Brand leadership /
Statement of responsibility, etc. David A. Aaker, Erich Joachimsthaler.
260 ## - PUBLICATION, DISTRIBUTION, ETC.
Place of publication, distribution, etc. New York :
Name of publisher, distributor, etc. Free Press,
Date of publication, distribution, etc. 2000.
300 ## - PHYSICAL DESCRIPTION
Extent xii, 351 p. :
Other physical details ill. ;
Dimensions 25 cm.
504 ## - BIBLIOGRAPHY, ETC. NOTE
Bibliography, etc. note Includes bibliographical references (p. 331-335) and index.
650 #0 - SUBJECT ADDED ENTRY--TOPICAL TERM
Topical term or geographic name entry element Brand name products
Geographic subdivision United States
General subdivision Management.
9 (RLIN) 2398
700 1# - ADDED ENTRY--PERSONAL NAME
Personal name Joachimsthaler, Erich,
Dates associated with a name 1956-
9 (RLIN) 3225
942 ## - ADDED ENTRY ELEMENTS (KOHA)
Source of classification or shelving scheme Dewey Decimal Classification
Koha item type Books
Holdings
Withdrawn status Lost status Source of classification or shelving scheme Damaged status Not for loan Home library Current library Date acquired Total Checkouts Full call number Barcode Date last seen Copy number Price effective from Koha item type
    Dewey Decimal Classification     BUFT Library BUFT Library 12/07/2014   658.8'27 A11199b 2000 2014-0243 04/18/2024 C-1 04/18/2024 Books
Copyright © 2019-2023 | BUFT Library
BGMEA University of Fashion and Technology
Library Home | University Home
| Maintained by Library Team